[Event "3MCR_4D_2LA_3S"]
[Site "?"]
[Date "1999.??.??"]
[Round "3"]
[White "Ederer, Karel"]
[Black "Paukert, Martin"]
[Result "1-0"]
[WhiteElo "2115"]
[BlackElo "1985"]
[PlyCount "81"]
[EventDate "1999.??.??"]
[EventType "corr"]

1. c4 c5 2. Nc3 Nc6 3. Nf3 Nf6 4. d4 cxd4 5. Nxd4 e6 6. g3 Qb6 7. Nb3 Ne5 8. e4
Bb4 9. Qe2 d6 10. f4 Nc6 11. Bd2 O-O 12. Bg2 e5 13. f5 Nd4 14. Nxd4 exd4 15.
Nb5 Bxd2+ 16. Qxd2 d5 17. Qxd4 Qxd4 18. Nxd4 dxe4 19. O-O Rd8 20. Rad1 Ng4 21.
Nc6 Re8 22. Ne7+ Kf8 23. Nd5 Re5 24. h3 Nf6 25. Nxf6 gxf6 26. g4 b6 27. Rd8+
Kg7 28. Kf2 Bb7 29. Rxa8 Bxa8 30. Ke3 Ra5 31. a3 Ra4 32. Rc1 h5 33. Rc3 hxg4
34. hxg4 Kh6 35. Bxe4 Bxe4 36. Kxe4 Kg5 37. b4 Kxg4 38. Kd5 Ra6 39. c5 bxc5 40.
bxc5 Ra5 41. Kd6 1-0

[Event "3MCR_4D_2LA_3S"]
[Site "?"]
[Date "1999.??.??"]
[Round "3"]
[White "Kracik, Milan"]
[Black "Zidu, Jan"]
[Result "1/2-1/2"]
[WhiteElo "1800"]
[BlackElo "2000"]
[PlyCount "70"]
[EventDate "1999.??.??"]
[EventType "corr"]

1. c4 e5 2. Nc3 Nc6 3. Nf3 Nf6 4. g3 Bc5 5. Bg2 d6 6. O-O O-O 7. d3 h6 8. a3 a6
9. b4 Ba7 10. Bb2 Be6 11. Rc1 Qd7 12. Nd2 Nh7 13. Nd5 Nd8 14. e3 c6 15. Nc3 Bh3
16. Bxh3 Qxh3 17. Nce4 Qd7 18. c5 dxc5 19. Nxc5 Bxc5 20. Rxc5 Qxd3 21. Rxe5 Ne6
22. Ne4 Qxd1 23. Rxd1 Rfd8 24. Rxd8+ Rxd8 25. Kg2 Nhg5 26. Nxg5 hxg5 27. a4 Rd2
28. Bc3 Rc2 29. Be1 g4 30. Re4 g5 31. b5 c5 32. bxa6 bxa6 33. a5 Kg7 34. Re5
Kf6 35. Rd5 Ke7 1/2-1/2

[Event "3MCR_4D_2LA_3S"]
[Site "?"]
[Date "1999.??.??"]
[Round "3"]
[White "Zidu, Jan"]
[Black "Vilimek, Pavel"]
[Result "1/2-1/2"]
[WhiteElo "2000"]
[BlackElo "2000"]
[PlyCount "71"]
[EventDate "1999.??.??"]
[EventType "corr"]

1. e4 e5 2. Nf3 Nc6 3. Bb5 a6 4. Ba4 Nf6 5. O-O Be7 6. Re1 b5 7. Bb3 d6 8. c3
O-O 9. h3 h6 10. d4 Re8 11. Nbd2 Bf8 12. Nf1 Bb7 13. Ng3 Na5 14. Bc2 Nc4 15. b3
Nb6 16. a4 bxa4 17. bxa4 a5 18. Bd3 Qd7 19. Bb5 c6 20. Bd3 Ba6 21. Bxa6 Rxa6
22. Qe2 Qc8 23. dxe5 dxe5 24. Be3 Nbd7 25. Reb1 Ra8 26. Nd2 Qa6 27. Qxa6 Rxa6
28. Nc4 Bc5 29. Bxc5 Nxc5 30. f3 g6 31. Kf2 Kg7 32. h4 Nd3+ 33. Ke3 Nc5 34. Ne2
Nfd7 35. Ra2 f5 36. exf5 1/2-1/2

[Event "3MCR_4D_2LA_3S"]
[Site "?"]
[Date "1999.??.??"]
[Round "3"]
[White "Ederer, Karel"]
[Black "Nemec, Zdenek"]
[Result "0-1"]
[WhiteElo "2115"]
[BlackElo "2135"]
[PlyCount "90"]
[EventDate "1999.??.??"]
[EventType "corr"]

1. d4 f5 2. g3 g6 3. Bg2 Nf6 4. Nf3 Bg7 5. O-O O-O 6. d5 d6 7. Nd4 Ne4 8. Nc3
Nxc3 9. bxc3 Qe8 10. Rb1 Na6 11. Ne6 Bxe6 12. dxe6 Rb8 13. Be3 b6 14. Qd3 Qa4
15. Bd4 c5 16. Bxg7 Kxg7 17. f4 Nc7 18. e4 fxe4 19. Bxe4 Nxe6 20. Rbe1 Qd7 21.
h4 Rf6 22. f5 Nf8 23. g4 e5 24. Re2 Rd8 25. Bd5 Kh8 26. Qh3 Qg7 27. Kh1 Nd7 28.
Rg2 gxf5 29. g5 Rff8 30. h5 f4 31. h6 Qg6 32. Re1 f3 33. Bxf3 Rf4 34. Bh5 Qg8
35. g6 hxg6 36. Bxg6 Nf6 37. Bd3 Qd5 38. h7 Rf8 39. Kh2 Qf3 40. Reg1 Qxh3+ 41.
Kxh3 Nxh7 42. Bxh7 Rf3+ 43. Kh2 Kxh7 44. Rg7+ Kh8 45. Rxa7 Rxc3 0-1

[Event "3MCR_4D_2LA_3S"]
[Site "?"]
[Date "1999.??.??"]
[Round "3"]
[White "Vilimek, Pavel"]
[Black "Strnad, Jiri"]
[Result "1/2-1/2"]
[WhiteElo "2000"]
[BlackElo "1945"]
[PlyCount "58"]
[EventDate "1999.??.??"]
[EventType "corr"]

1. e4 d5 2. exd5 Nf6 3. d4 Nxd5 4. c4 Nb6 5. Nf3 g6 6. Nc3 Bg7 7. c5 Nd5 8. Bc4
Nxc3 9. bxc3 O-O 10. O-O Bf5 11. Ng5 Qe8 12. Qb3 b6 13. Bf4 h6 14. cxb6 cxb6
15. Nf3 Nc6 16. Bb5 a6 17. Be2 Qd8 18. Rad1 b5 19. a4 Na5 20. Qa2 Be6 21. d5
Bg4 22. axb5 axb5 23. Qb1 Qc8 24. Qxb5 Qxc3 25. Rb1 Rfc8 26. Rfc1 Qa3 27. Rxc8+
Rxc8 28. Bd2 Ra8 29. h3 Bf5 1/2-1/2

[Event "3MCR_4D_2LA_3S"]
[Site "?"]
[Date "1999.??.??"]
[Round "3"]
[White "Ederer, Karel"]
[Black "Kracik, Milan"]
[Result "1/2-1/2"]
[WhiteElo "2115"]
[BlackElo "1800"]
[PlyCount "66"]
[EventDate "1999.??.??"]
[EventType "corr"]

1. e4 c5 2. Nf3 Nc6 3. Bb5 d6 4. O-O Bd7 5. Re1 Nf6 6. c3 a6 7. Bf1 Bg4 8. h3
Bxf3 9. Qxf3 g6 10. d3 Bg7 11. g3 O-O 12. Bg2 e6 13. Be3 b5 14. Qe2 Rc8 15. a4
Qb6 16. axb5 axb5 17. f4 Ra8 18. Nd2 Nd7 19. f5 Rfe8 20. fxe6 fxe6 21. Nf3 Rxa1
22. Rxa1 Nde5 23. Nxe5 Bxe5 24. Bf4 Bxf4 25. gxf4 b4 26. Kh2 Kg7 27. Qd2 Rf8
28. Rf1 Rf6 29. f5 exf5 30. exf5 Ne5 31. cxb4 Qxb4 32. Qxb4 cxb4 33. fxg6 hxg6
1/2-1/2

[Event "3MCR_4D_2LA_3S"]
[Site "?"]
[Date "1999.??.??"]
[Round "3"]
[White "Novak, Vaclav"]
[Black "Stanek, Miroslav"]
[Result "1-0"]
[WhiteElo "1740"]
[BlackElo "2000"]
[PlyCount "73"]
[EventDate "1999.??.??"]
[EventType "corr"]

1. e4 d5 2. Nc3 d4 3. Nce2 e5 4. Ng3 Nc6 5. Bc4 Nge7 6. Nf3 Ng6 7. d3 Bb4+ 8.
Bd2 Bg4 9. c3 Bd6 10. Qb3 O-O 11. Ng5 Qe7 12. Qxb7 Na5 13. Qa6 Nxc4 14. Qxc4 h6
15. h3 Bd7 16. Nf3 Rab8 17. cxd4 Rxb2 18. Qc3 Rfb8 19. O-O Qf6 20. dxe5 Nxe5
21. Nd4 R2b7 22. Be3 c5 23. Nde2 Qe7 24. f4 Ng6 25. Rac1 Nh4 26. Bxc5 Bxc5+ 27.
Qxc5 Qxc5+ 28. Rxc5 Rb2 29. Ra5 R8b7 30. f5 Bb5 31. Ra3 Rd7 32. Rd1 Bc4 33. Rc3
Bxa2 34. d4 Rdb7 35. d5 R7b3 36. Rc8+ Kh7 37. d6 1-0

[Event "3MCR_4D_2LA_3S"]
[Site "?"]
[Date "1999.??.??"]
[Round "3"]
[White "Hrubant, Miloslav"]
[Black "Efler, Ladislav"]
[Result "1/2-1/2"]
[WhiteElo "1800"]
[BlackElo "2200"]
[PlyCount "51"]
[EventDate "1999.??.??"]
[EventType "corr"]

1. e4 c5 2. Nf3 e6 3. d4 cxd4 4. Nxd4 a6 5. Bd3 Bc5 6. Nb3 Ba7 7. O-O Nc6 8.
Qg4 Qf6 9. Nc3 h5 10. Qe2 h4 11. Be3 h3 12. g3 d6 13. Bxa7 Rxa7 14. f4 b5 15.
Bxb5 axb5 16. Nxb5 Ba6 17. Nxd6+ Kf8 18. c4 Qd8 19. Qd2 Nf6 20. Rfd1 Kg8 21.
Qe3 Rd7 22. c5 e5 23. Rd2 exf4 24. gxf4 Rh4 25. Kh1 Nh5 26. Rg1 1/2-1/2

[Event "3MCR_4D_2LA_3S"]
[Site "?"]
[Date "1999.??.??"]
[Round "3"]
[White "Stanek, Miroslav"]
[Black "Hrubant, Miloslav"]
[Result "0-1"]
[WhiteElo "2000"]
[BlackElo "1800"]
[PlyCount "72"]
[EventDate "1999.??.??"]
[EventType "corr"]

1. d4 Nf6 2. c4 e6 3. Nc3 d5 4. Nf3 c5 5. Bg5 cxd4 6. Qxd4 Be7 7. e3 Nc6 8. Qd1
Qa5 9. Nd2 d4 10. exd4 Qxg5 11. Nf3 Qa5 12. Be2 Ne4 13. O-O Nxc3 14. bxc3 Qxc3
15. d5 Nb4 16. Rc1 Qa3 17. Nd4 O-O 18. Nb5 Qxa2 19. Nc3 Qb2 20. d6 Bg5 21. f4
Bf6 22. Nb5 Nc6 23. Rb1 Qa2 24. Rf3 Nd4 25. Nxd4 Bxd4+ 26. Kf1 Bd7 27. Rfb3 Bf6
28. Qd3 Ba4 29. Ra3 Qc2 30. Qxc2 Bxc2 31. Rxb7 Be4 32. Rc7 Bd8 33. Rcxa7 Bb6
34. R7a6 Bc5 35. R3a5 Rxa6 36. Rxa6 Ra8 0-1

[Event "3MCR_4D_2LA_3S"]
[Site "?"]
[Date "1999.??.??"]
[Round "3"]
[White "Vilimek, Pavel"]
[Black "Stanek, Miroslav"]
[Result "1-0"]
[WhiteElo "2000"]
[BlackElo "2000"]
[PlyCount "67"]
[EventDate "1999.??.??"]
[EventType "corr"]

1. e4 d5 2. exd5 Nf6 3. d4 Nxd5 4. c4 Nb6 5. Nf3 g6 6. Nc3 Bg7 7. c5 Nd5 8. Bc4
Nxc3 9. bxc3 O-O 10. O-O Nc6 11. Re1 Na5 12. Bd3 b6 13. Bg5 Re8 14. cxb6 cxb6
15. Qa4 Bd7 16. Qa3 f6 17. Bf4 e6 18. Qb4 Bc6 19. Re3 Bf8 20. Qb1 Bd5 21. Bb5
Re7 22. Qd3 Qc8 23. Ba6 Bb7 24. Bxb7 Qxb7 25. Bd6 Ree8 26. Bxf8 Kxf8 27. Nd2
Rac8 28. Ne4 Nc4 29. Rh3 Qe7 30. Nxf6 Qxf6 31. Rf3 Qxf3 32. Qxf3+ Kg8 33. Qb7
a5 34. Re1 1-0

[Event "3MCR_4D_2LA_3S"]
[Site "?"]
[Date "1999.??.??"]
[Round "3"]
[White "Grulich, Jiri"]
[Black "Nemec, Zdenek"]
[Result "0-1"]
[WhiteElo "2000"]
[BlackElo "2135"]
[PlyCount "86"]
[EventDate "1999.??.??"]
[EventType "corr"]

1. d4 f5 2. g3 g6 3. Bg2 Bg7 4. Nf3 Nf6 5. O-O O-O 6. b3 d6 7. Bb2 c6 8. Nbd2
a5 9. c4 Na6 10. Qc2 b6 11. Rae1 Bb7 12. a3 e6 13. e4 fxe4 14. Nxe4 Nxe4 15.
Qxe4 Nc7 16. Nd2 Qf6 17. f4 Rad8 18. Nf3 Qf5 19. Qxf5 exf5 20. Re7 Rf7 21. Rxf7
Kxf7 22. Ng5+ Kg8 23. Re1 Re8 24. Rxe8+ Nxe8 25. Kf2 h6 26. Nh3 Nf6 27. Bf3
Ng4+ 28. Bxg4 fxg4 29. Ng1 a4 30. Ne2 axb3 31. Nc1 Ba6 32. Nxb3 Bxc4 33. Nd2
Be6 34. Ke3 d5 35. Nb3 c5 36. Nc1 Bf5 37. Ne2 Kf7 38. Bc3 Bd7 39. Nc1 Bb5 40.
Nb3 Bf8 41. Bb2 Be7 42. Nc1 Ke6 43. Na2 g5 0-1

[Event "3MCR_4D_2LA_3S"]
[Site "?"]
[Date "1999.??.??"]
[Round "3"]
[White "Grulich, Jiri"]
[Black "Stanek, Miroslav"]
[Result "1-0"]
[WhiteElo "2000"]
[BlackElo "2000"]
[PlyCount "69"]
[EventDate "1999.??.??"]
[EventType "corr"]

1. d4 Nf6 2. c4 g6 3. Nc3 d5 4. Nf3 Bg7 5. Bg5 Ne4 6. cxd5 Nxg5 7. Nxg5 e6 8.
Nf3 exd5 9. e3 O-O 10. Bd3 c6 11. O-O Nd7 12. Rc1 Nf6 13. h3 Re8 14. Qc2 Qe7
15. a3 Ne4 16. b4 Nxc3 17. Qxc3 Qf6 18. Ne5 Qg5 19. Nf3 Qf6 20. Ne5 Qe7 21. Nf3
Bd7 22. Qc5 Qd8 23. Rfe1 h5 24. Qc2 Kh7 25. Kh1 a5 26. b5 cxb5 27. Qc7 Qxc7 28.
Rxc7 Bc6 29. Ng5+ Kg8 30. Nxf7 Re6 31. Rb1 Rf6 32. Ne5 Kh7 33. Bxb5 Raf8 34.
Bxc6 bxc6 35. Rbb7 1-0

[Event "3MCR_4D_2LA_3S"]
[Site "?"]
[Date "1999.??.??"]
[Round "3"]
[White "Strnad, Jiri"]
[Black "Ederer, Karel"]
[Result "1/2-1/2"]
[WhiteElo "1945"]
[BlackElo "2115"]
[PlyCount "93"]
[EventDate "1999.??.??"]
[EventType "corr"]

1. e4 c5 2. Nf3 Nc6 3. Nc3 d6 4. d4 cxd4 5. Nxd4 Nf6 6. Bg5 e6 7. Qd2 a6 8. Rd1
Bd7 9. Be2 Be7 10. Nb3 Qc7 11. f4 b5 12. Bf3 Rd8 13. O-O O-O 14. Bxf6 gxf6 15.
a3 Kh8 16. Bh5 Be8 17. Rf3 Rg8 18. Qf2 Qa7 19. Qxa7 Nxa7 20. Rfd3 Nc6 21. Kf2
Rg7 22. R3d2 Bd7 23. Bf3 Bc8 24. Ke3 Bb7 25. g4 b4 26. axb4 Nxb4 27. f5 Rc8 28.
fxe6 f5 29. exf5 Bg5+ 30. Ke2 Bxf3+ 31. Kxf3 Bxd2 32. Rxd2 fxe6 33. fxe6 Rf8+
34. Kg3 h5 35. h3 hxg4 36. hxg4 Nc6 37. Rxd6 Ne5 38. Rd4 Rf3+ 39. Kg2 Rf8 40.
e7 Rxe7 41. Re4 Ng6 42. Rxe7 Nxe7 43. Nc5 a5 44. N3e4 Nd5 45. Kg3 Nf6 46. Ng5
Nxg4 47. Kxg4 1/2-1/2

[Event "3MCR_4D_2LA_3S"]
[Site "?"]
[Date "1999.??.??"]
[Round "3"]
[White "Zidu, Jan"]
[Black "Rybak, David"]
[Result "1-0"]
[WhiteElo "2000"]
[BlackElo "1800"]
[PlyCount "37"]
[EventDate "1999.??.??"]
[EventType "corr"]

1. e4 e5 2. Nf3 Nc6 3. Bb5 f5 4. Nc3 fxe4 5. Nxe4 Nf6 6. Nxf6+ Qxf6 7. Qe2 Be7
8. Bxc6 dxc6 9. Nxe5 Bf5 10. O-O O-O 11. d4 Rae8 12. f4 Bd6 13. Be3 Bxe5 14.
dxe5 Qg6 15. Rf2 Rd8 16. Bxa7 b6 17. Qa6 Be4 18. g3 h5 19. Qe2 1-0

[Event "3MCR_4D_2LA_3S"]
[Site "?"]
[Date "1999.??.??"]
[Round "3"]
[White "Paukert, Martin"]
[Black "Vilimek, Pavel"]
[Result "1/2-1/2"]
[WhiteElo "1985"]
[BlackElo "2000"]
[PlyCount "60"]
[EventDate "1999.??.??"]
[EventType "corr"]

1. e4 e5 2. Nc3 Nf6 3. Bc4 Nc6 4. d3 Na5 5. Nge2 c6 6. a4 Nxc4 7. dxc4 Bc5 8.
Qd3 d6 9. O-O Be6 10. b3 O-O 11. Be3 Bb4 12. Rad1 Ng4 13. Bc1 Qh4 14. h3 Nf6
15. Be3 Rfd8 16. f3 Nh5 17. Na2 Bc5 18. Bxc5 dxc5 19. Qe3 Ng3 20. Rfe1 Nxe2+
21. Qxe2 Qg5 22. Kh1 Rd4 23. c3 Rdd8 24. Nc1 b6 25. Rd3 Rxd3 26. Nxd3 Rd8 27.
a5 Bc8 28. Ra1 Qe7 29. axb6 axb6 30. Ra8 Qd6 1/2-1/2

[Event "3MCR_4D_2LA_3S"]
[Site "?"]
[Date "1999.??.??"]
[Round "3"]
[White "Stanek, Miroslav"]
[Black "Paukert, Martin"]
[Result "0-1"]
[WhiteElo "2000"]
[BlackElo "1985"]
[PlyCount "66"]
[EventDate "1999.??.??"]
[EventType "corr"]

1. d4 d5 2. Nf3 Nf6 3. c4 dxc4 4. e3 e6 5. Bxc4 c5 6. O-O a6 7. a4 Nc6 8. Qe2
Qc7 9. Nc3 Bd6 10. Rd1 O-O 11. h3 b6 12. dxc5 Bxc5 13. b3 Bb7 14. Bb2 Na5 15.
Nd2 Nxc4 16. Nxc4 Rfd8 17. Rac1 Rac8 18. Nd2 Qe7 19. Ncb1 Rd5 20. Nf3 Rcd8 21.
Nbd2 Ne4 22. Bd4 Bxd4 23. Nxd4 Nc5 24. Nc4 e5 25. Nf5 Qf6 26. Rxd5 Bxd5 27. Ng3
Nxb3 28. Rc2 Qe6 29. Qd1 Nd4 30. exd4 Bxc4 31. Qc1 b5 32. Qg5 f6 33. Qe3 exd4
0-1

[Event "3MCR_4D_2LA_3S"]
[Site "?"]
[Date "1999.??.??"]
[Round "3"]
[White "Paukert, Martin"]
[Black "Bares, Jiri"]
[Result "1/2-1/2"]
[WhiteElo "1985"]
[BlackElo "2155"]
[PlyCount "74"]
[EventDate "1999.??.??"]
[EventType "corr"]

1. e4 c5 2. Nf3 d6 3. d4 cxd4 4. Qxd4 Bd7 5. c4 Nc6 6. Qd2 g6 7. Be2 Bg7 8. O-O
Nf6 9. Nc3 O-O 10. Rb1 Bg4 11. b3 Nd7 12. Bb2 Qa5 13. Rfd1 Nc5 14. Nd4 Bxe2 15.
Ndxe2 f5 16. exf5 Rxf5 17. Ng3 Rf7 18. Ba1 Raf8 19. Nce4 Qxd2 20. Rxd2 Nxe4 21.
Nxe4 Bh6 22. Re2 Rf5 23. Rd1 Bg7 24. Bxg7 Kxg7 25. f3 g5 26. h3 Kg6 27. Kf2 h5
28. Ke3 b6 29. Nc3 Re5+ 30. Kd3 Nb4+ 31. Kd2 Nc6 32. Rxe5 Nxe5 33. Ke3 h4 34.
Nb5 Nc6 35. Rd5 Rf6 36. Nc7 Ne5 37. Rd4 Rf7 1/2-1/2

[Event "3MCR_4D_2LA_3S"]
[Site "?"]
[Date "1999.??.??"]
[Round "3"]
[White "Nemec, Zdenek"]
[Black "Strnad, Jiri"]
[Result "1-0"]
[WhiteElo "2135"]
[BlackElo "1945"]
[PlyCount "91"]
[EventDate "1999.??.??"]
[EventType "corr"]

1. e4 e5 2. Nf3 d6 3. d4 exd4 4. Nxd4 g6 5. Nc3 Bg7 6. Be3 Nf6 7. Qd2 d5 8.
exd5 Nxd5 9. Bg5 f6 10. Nxd5 Qxd5 11. Nb5 Qe5+ 12. Qe2 Na6 13. Bf4 Bg4 14. f3
Qxe2+ 15. Bxe2 Bd7 16. O-O Kd8 17. Bc4 g5 18. Bg3 f5 19. Rad1 f4 20. Bf2 Re8
21. Nxa7 Bxb2 22. Bxa6 bxa6 23. Rd5 Ke7 24. Rxg5 Kf7 25. Rd1 Be6 26. Nc6 Bxa2
27. Rd7+ Ke6 28. Rxh7 Kd6 29. Nb4 Bc4 30. Bc5+ Ke6 31. Nc6 Bb5 32. Nd4+ Bxd4+
33. Bxd4 Rad8 34. c3 Kd6 35. h3 c6 36. Rf7 Rg8 37. Bg7 Ke6 38. Rxf4 Rd2 39. c4
Ba4 40. Re5+ Kd6 41. c5+ Kd7 42. Rf7+ Kd8 43. Ra7 Rxg7 44. Rxg7 Rd7 45. Rxd7+
Kxd7 46. h4 1-0

[Event "3MCR_4D_2LA_3S"]
[Site "?"]
[Date "1999.??.??"]
[Round "3"]
[White "Paukert, Martin"]
[Black "Strnad, Jiri"]
[Result "1/2-1/2"]
[WhiteElo "1985"]
[BlackElo "1945"]
[PlyCount "83"]
[EventDate "1999.??.??"]
[EventType "corr"]

1. e4 d5 2. exd5 Nf6 3. d4 Nxd5 4. c4 Nf6 5. Nf3 Bg4 6. Be2 e6 7. O-O Nc6 8.
Be3 Qd7 9. Nc3 Bxf3 10. Bxf3 O-O-O 11. d5 exd5 12. cxd5 Ne5 13. Bxa7 Nxf3+ 14.
Qxf3 Bd6 15. Qd3 Qg4 16. Rfe1 Qh5 17. h3 Rhe8 18. Qc4 Be5 19. Bd4 h6 20. Rxe5
Rxe5 21. d6 Rxd6 22. Bxe5 Qxe5 23. Qxf7 g5 24. Rc1 c6 25. Rd1 Rxd1+ 26. Nxd1
Nd5 27. Qf3 Nf4 28. Nc3 Kd7 29. g3 Nxh3+ 30. Kg2 Qe6 31. Qd3+ Kc8 32. Qe4 Qd7
33. Na4 Nf4+ 34. Qxf4 gxf4 35. Nb6+ Kd8 36. Nxd7 Kxd7 37. gxf4 Ke6 38. Kg3 c5
39. Kg4 b5 40. f5+ Ke5 41. a3 c4 42. Kh5 1/2-1/2

[Event "3MCR_4D_2LA_3S"]
[Site "?"]
[Date "1999.??.??"]
[Round "3"]
[White "Paukert, Martin"]
[Black "Efler, Ladislav"]
[Result "1/2-1/2"]
[WhiteElo "1985"]
[BlackElo "2200"]
[PlyCount "74"]
[EventDate "1999.??.??"]
[EventType "corr"]

1. e4 c5 2. Nf3 e6 3. d4 cxd4 4. Nxd4 a6 5. Bd3 Bc5 6. Nb3 Ba7 7. O-O Nc6 8.
Qe2 d6 9. Be3 Bxe3 10. Qxe3 Nf6 11. c4 O-O 12. Rd1 b6 13. Nc3 Qc7 14. Rac1 Ne5
15. Be2 Bb7 16. f4 Ng6 17. g3 Rfd8 18. a3 a5 19. Nd4 a4 20. Ndb5 Qc6 21. Bf3 e5
22. f5 Ne7 23. Kg2 Ba6 24. Qe2 Bxb5 25. Nxb5 Qc5 26. Rc3 Nc8 27. Qd3 Na7 28.
Rc2 h6 29. Nc3 Nc6 30. Nd5 Nd4 31. Nxf6+ gxf6 32. Rc3 Kg7 33. Rd2 Qc6 34. Kf2
Ra5 35. Bg2 Rc5 36. Bf1 Rc8 37. Kg1 Kf8 1/2-1/2

[Event "3MCR_4D_2LA_3S"]
[Site "?"]
[Date "1999.??.??"]
[Round "3"]
[White "Kracik, Milan"]
[Black "Nemec, Zdenek"]
[Result "1/2-1/2"]
[WhiteElo "1800"]
[BlackElo "2135"]
[PlyCount "104"]
[EventDate "1999.??.??"]
[EventType "corr"]

1. c4 f5 2. d4 g6 3. Nc3 Nf6 4. Nf3 Bg7 5. g3 O-O 6. Bg2 d6 7. O-O c6 8. d5 e5
9. dxe6 Bxe6 10. Qd3 Na6 11. Ng5 Qe7 12. Bf4 Rad8 13. Rad1 Ng4 14. Nxe6 Qxe6
15. b3 Qf6 16. Na4 Nc5 17. Qd2 Ne6 18. Bxd6 Rf7 19. h3 Nh6 20. c5 Rfd7 21. Qb4
Nf7 22. Rd3 Nxd6 23. cxd6 Qe5 24. Bf3 Bf8 25. Rfd1 a5 26. Qb6 Rxd6 27. Qxb7 Nd4
28. Qa6 Nxf3+ 29. exf3 Qb5 30. Qxb5 cxb5 31. Rxd6 Rxd6 32. Rxd6 Bxd6 33. Nc3 b4
34. Nd5 g5 35. f4 gxf4 36. Nxf4 Bxf4 37. gxf4 Kf7 38. Kg2 Kg6 39. Kf3 Kh5 40.
Kg3 Kg6 41. Kf3 Kh5 42. Ke3 Kh4 43. Kd4 Kxh3 44. Ke5 Kg4 45. f3+ Kxf3 46. Kxf5
h5 47. Kg5 h4 48. f5 h3 49. f6 h2 50. f7 h1=Q 51. f8=Q+ Ke2 52. Qe7+ Kd2
1/2-1/2

[Event "3MCR_4D_2LA_3S"]
[Site "?"]
[Date "1999.??.??"]
[Round "3"]
[White "Stanek, Miroslav"]
[Black "Kracik, Milan"]
[Result "1/2-1/2"]
[WhiteElo "2000"]
[BlackElo "1800"]
[PlyCount "76"]
[EventDate "1999.??.??"]
[EventType "corr"]

1. d4 f5 2. Nc3 e6 3. e4 fxe4 4. Nxe4 Be7 5. Nh3 Nf6 6. Bd3 O-O 7. Be3 Nxe4 8.
Bxe4 d5 9. Bd3 Bf6 10. Qd2 c5 11. c3 cxd4 12. cxd4 Nc6 13. Ng5 g6 14. Nf3 Bd7
15. O-O Rc8 16. Rac1 Qe7 17. a3 Rfe8 18. Rfe1 a6 19. Bb1 b5 20. b4 Qg7 21. Rcd1
Qe7 22. g3 a5 23. Bg5 Bxg5 24. Nxg5 axb4 25. axb4 Qxb4 26. Qf4 Qe7 27. h4 h6
28. Nf3 Qg7 29. Qe3 b4 30. Qd3 Ne7 31. Ne5 Ba4 32. Rc1 Ra8 33. Rc7 Rac8 34.
Rec1 Rxc7 35. Rxc7 Ra8 36. Nxg6 Qxg6 37. Rxe7 Qxd3 38. Bxd3 Bd1 1/2-1/2

[Event "3MCR_4D_2LA_3S"]
[Site "?"]
[Date "1999.??.??"]
[Round "3"]
[White "Kracik, Milan"]
[Black "Bares, Jiri"]
[Result "0-1"]
[WhiteElo "1800"]
[BlackElo "2155"]
[PlyCount "88"]
[EventDate "1999.??.??"]
[EventType "corr"]

1. c4 Nf6 2. Nc3 e6 3. e4 c5 4. e5 Ng8 5. d4 cxd4 6. Qxd4 Nc6 7. Qe4 Bb4 8. Bd2
d6 9. Qg4 Nxe5 10. Qxg7 Qf6 11. Qxf6 Nxf6 12. f4 Ng6 13. Nf3 Bd7 14. a3 Ba5 15.
b4 Bb6 16. Bd3 Bc6 17. Rf1 Ng4 18. Ke2 f5 19. h3 Nf6 20. g3 Nh5 21. Be1 Rg8 22.
b5 Bd7 23. Na4 Bc7 24. Nd4 Ne7 25. Rf3 Rc8 26. Ke3 Ng7 27. Nb3 e5 28. Be2 Nh5
29. Kf2 exf4 30. gxf4 d5 31. Bd2 Nf6 32. c5 Ne4+ 33. Ke3 Kf7 34. Nd4 Rge8 35.
Kd3 Nxd2 36. Kxd2 Ng6 37. c6 bxc6 38. bxc6 Ba5+ 39. Nc3 Rxc6 40. Rc1 Rxc3 41.
Rcxc3 Kf6 42. Bd1 Rc8 43. Ne2 Bb5 44. Kc1 Bxc3 0-1

[Event "3MCR_4D_2LA_3S"]
[Site "?"]
[Date "1999.??.??"]
[Round "3"]
[White "Kracik, Milan"]
[Black "Vilimek, Pavel"]
[Result "0-1"]
[WhiteElo "1800"]
[BlackElo "2000"]
[PlyCount "74"]
[EventDate "1999.??.??"]
[EventType "corr"]

1. c4 c5 2. Nc3 Nf6 3. g3 d5 4. cxd5 Nxd5 5. Bg2 Nc7 6. Nf3 Nc6 7. O-O e5 8. d3
Be7 9. Nd2 Bd7 10. Nc4 f6 11. f4 b5 12. Ne3 exf4 13. Rxf4 O-O 14. Ned5 Ne6 15.
Rf2 Rb8 16. Bd2 Ne5 17. Rc1 Rf7 18. Nxe7+ Qxe7 19. b4 c4 20. Nd5 Qd6 21. Bc3
cxd3 22. exd3 Rc8 23. Rfc2 Rd8 24. Qd2 a6 25. Bb2 h6 26. Qe3 Ng5 27. Nf4 Re7
28. Qc5 Qxc5+ 29. Rxc5 Nef3+ 30. Bxf3 Nxf3+ 31. Kg2 Ng5 32. Rc7 Nh3 33. Kf3
Nxf4 34. Kxf4 Ree8 35. Rg1 h5 36. h4 Bg4 37. Rc5 Re2 0-1

[Event "3MCR_4D_2LA_3S"]
[Site "?"]
[Date "1999.??.??"]
[Round "3"]
[White "Efler, Ladislav"]
[Black "Vilimek, Pavel"]
[Result "0-1"]
[WhiteElo "2200"]
[BlackElo "2000"]
[PlyCount "60"]
[EventDate "1999.??.??"]
[EventType "corr"]

1. e4 e5 2. Nc3 Nf6 3. Bc4 Nc6 4. d3 Na5 5. Nge2 c6 6. O-O Be7 7. Ng3 d6 8. h3
O-O 9. Bb3 Nxb3 10. axb3 d5 11. Qe2 d4 12. Nb1 Bd6 13. f4 a6 14. fxe5 Bxe5 15.
Bf4 Bxf4 16. Rxf4 Qc7 17. Qf2 c5 18. Nd2 Be6 19. Rf1 Ne8 20. Ne2 Rd8 21. b4 b6
22. bxc5 bxc5 23. Rf3 f6 24. c3 dxc3 25. bxc3 Rb8 26. Nf4 Bf7 27. Nd5 Bxd5 28.
exd5 Nd6 29. Qg3 Qd8 30. Re3 Rb2 0-1

[Event "3MCR_4D_2LA_3S"]
[Site "?"]
[Date "1999.??.??"]
[Round "3"]
[White "Paukert, Martin"]
[Black "Nemec, Zdenek"]
[Result "1/2-1/2"]
[WhiteElo "1985"]
[BlackElo "2135"]
[PlyCount "98"]
[EventDate "1999.??.??"]
[EventType "corr"]

1. e4 e5 2. Nc3 Nf6 3. Bc4 Nc6 4. d3 Bc5 5. f4 d6 6. Nf3 Bg4 7. Na4 Bb6 8. Nxb6
axb6 9. O-O O-O 10. h3 Bxf3 11. Qxf3 Nd4 12. Qd1 b5 13. Bb3 Nxb3 14. cxb3 Re8
15. fxe5 dxe5 16. Bg5 Re6 17. Qc2 Rc6 18. Qe2 h6 19. Bh4 Qd4+ 20. Kh1 Nd7 21.
Rf3 b4 22. Bf2 Qd6 23. d4 exd4 24. Rd3 Rca6 25. Rxd4 Qe7 26. Qb5 Nb6 27. Be1
Rxa2 28. Rxa2 Rxa2 29. Bxb4 Qf6 30. e5 Qf5 31. Bc3 c6 32. Rd8+ Kh7 33. Qd3 Qxd3
34. Rxd3 Nd5 35. b4 b5 36. Kh2 g5 37. Kg3 Kg6 38. h4 gxh4+ 39. Kxh4 Kf5 40.
Rf3+ Ke6 41. Kh5 Nxc3 42. Rxc3 Rxb2 43. Rxc6+ Kxe5 44. Rc5+ Ke4 45. Rxb5 Rxg2
46. Kxh6 f5 47. Rb8 f4 48. b5 Rb2 49. b6 f3 1/2-1/2

[Event "3MCR_4D_2LA_3S"]
[Site "?"]
[Date "1999.??.??"]
[Round "3"]
[White "Rybak, David"]
[Black "Novak, Vaclav"]
[Result "1-0"]
[WhiteElo "1800"]
[BlackElo "1740"]
[PlyCount "69"]
[EventDate "1999.??.??"]
[EventType "corr"]

1. e4 g6 2. d4 Bg7 3. Nc3 d6 4. f4 Nd7 5. Nf3 e6 6. Bd3 Nh6 7. O-O O-O 8. Qe1
b6 9. f5 exf5 10. Bg5 Qe8 11. Nd5 Bb7 12. Nxc7 Qb8 13. Nxa8 fxe4 14. Bxe4 Re8
15. Qd2 Bxe4 16. Bxh6 Qxa8 17. Bxg7 Kxg7 18. Rae1 f5 19. Ng5 d5 20. Qc3 Qb7 21.
Qg3 Qb8 22. Nxe4 dxe4 23. Qxb8 Rxb8 24. g4 Rf8 25. Rf4 Kf6 26. Rexe4 Kg5 27.
gxf5 Rxf5 28. Rxf5+ gxf5 29. Re7 Nf6 30. Rxa7 Kf4 31. Rf7 Ne4 32. Rxh7 Ke3 33.
c3 f4 34. Re7 Kd3 35. Rxe4 1-0

[Event "3MCR_4D_2LA_3S"]
[Site "?"]
[Date "1999.??.??"]
[Round "3"]
[White "Gresek, Jaromir"]
[Black "Ederer, Karel"]
[Result "1-0"]
[WhiteElo "1800"]
[BlackElo "2115"]
[PlyCount "93"]
[EventDate "1999.??.??"]
[EventType "corr"]

1. e4 e5 2. Nf3 Nc6 3. Bb5 a6 4. Ba4 Nf6 5. O-O Be7 6. Re1 b5 7. Bb3 d6 8. c3
O-O 9. h3 Na5 10. Bc2 c5 11. d4 Nd7 12. Nbd2 cxd4 13. cxd4 Nc6 14. Nb3 Nb6 15.
d5 Na7 16. Na5 Bd7 17. Bd2 Rc8 18. Rc1 f5 19. exf5 Bxf5 20. Bxf5 Rxf5 21. Nc6
Nxc6 22. dxc6 Qe8 23. Qc2 Qf7 24. b3 Nd5 25. Qd3 Nc7 26. a4 g6 27. axb5 axb5
28. Rc2 Qd5 29. Qxd5+ Nxd5 30. Ba5 Nf4 31. Re3 Nd5 32. Re4 Kf7 33. c7 Ke8 34.
Re1 Nf4 35. Nd2 Nd3 36. Re3 Nc5 37. Ne4 Nxe4 38. Rxe4 d5 39. Re1 Bd6 40. Rd2
Bxc7 41. Bxc7 Rxc7 42. Rxd5 Rb7 43. Rexe5+ Rxe5 44. Rxe5+ Kd7 45. h4 h6 46. f4
Kd6 47. Kf2 1-0